000 01121cab a2200289 4500
001 ABS67835
008 040601n2004 000 0 eng u
035 _a(Sirsi) u126336
100 _aMorris, H.
245 _aNo escape from flood threat
260 _c2004
490 _aPlanning (for the Natural and Built Environment)
_v(1569)14 May 2004, 15(1)
520 _aLooks at the Foresight Future Flooding programme analysis of future flood risk, widely acknowledged to be the most comprehensive ever undertaken in the UK. Summarises the cost of not increasing current levels of spending and not changing approaches to flood management in the face of the predicted flood risk scenario.
590 _aABS
650 _aFORESIGHT FUTURE FLOODING PROGRAMME
650 _aFLOOD MANAGEMENT
650 _aGLOBAL WARMING
650 _aCLIMATE CHANGE
650 _aPLANNING STRATEGY
650 _aLand use
_96251
650 _aFLOODING
650 _aFLOOD RISK
650 _aFLOOD DEFENCES
650 _aCOASTAL DEFENCES
690 _aENVIRONMENTAL AND LAND CONSULTANCY-ENVIRONMENTAL MANAGEMENT
942 _n0
999 _c74413
_d74413